000 00895nam a22002297a 4500
001 41593
003 BD-RjUL
005 20211209053422.0
008 160602s1989 ii ||||| |||| 00| 0 ben d
020 _c: IRs 80.00
035 _a(BD-RjUL) 41711
040 _aBD-RjUL
_bben
_cBD-RjUL
041 _aben
082 _223
_a891.44109
_bSEP 1989
100 _aসেন, নীলরতন
_9127806
245 1 0 _aপ্রসঙ্গ : বাংলা ছন্দশিল্প ও ছন্দচিন্তা /
_cনীলরতন সেন
260 _aকলিকাতা :
_bদে'জ পাবলিশিং,
_c১৯৮৯
300 _a৪৬৩ পৃ. ;
_c২১ সেমি.
650 _aবাংলা কবিতা
_xইতিহাস ও সমালোচনা
_9127807
650 _aBengali Poetry
_xHistory & Criticism
_9121573
942 _2ddc
_cBK
999 _c41593
_d41593